00586nam a2200193Ia 4500008004100000020001400041082001200055100001800067245002400085250000900109260004600118300002000164500001900184600003300203650001500236942000700251952011700258999001700375240925s9999 xx 000 0 und d a495908819 a121 CHA aChaffee, John 0aThinking Critically a10th aUnited Kingdom:bCengage Learningc,2012. a1115p.bNilfNA aIncludes Index aHumanities & Natural Science aPsychology cBK 001040708HUMaUITUbUITUd2016-10-25eF.B.Cg1020.00l0o121 CHApQ10985r2026-02-16 12:37:17w2024-09-25yBK c13484d13484